00674 2200205 4500001002100000005001700021008004100038035002400079090002200103111005900125245009000184260006600274300001800340500002500358650001900383850001600402985000600418999002200424999002200446YOGYA-0209000005867020090227034541.0 ind  0010-020900000058670 a633.8bBal BlDEP aBALAI PENGKAJIAN TEKNOLOGI PERTANIAN (BPTP) YOGYAKARTA aBudidaya dan pengolahan nilamcBalai Pengkajian Teknologi Pertanian (BPTP) Yogyakarta aYogyakartabBadan Penelitian dan Pengembangan Pertanianc2001 a26 hlmc18 cm aBibliografi : hlm.26 aNilam-Budidaya aYOPDYOG (M) a2 aCB-D.11 2001-587h aCB-D.11 2001-588h